| 000 | 00543nam a2200193 i 4500 | ||
|---|---|---|---|
| 001 | bg | ||
| 100 | 1 | _aSANDLER, Henry J. | |
| 245 | 0 |
_aPractical process engineering : _ba working approach to plant design / _cHenry J. Sandner, Edward T. Luckiewicz. |
|
| 260 |
_aNew York : _bMcGraw-Hill, _c1987. |
||
| 650 | 9 | _aTechnologia chemiczna | |
| 700 | 1 | _aLUCKIEWICZ, Edward T. | |
| 020 | _a0070785953 | ||
| 040 | _cBPK | ||
| 041 | _apol | ||
| 080 | _a66 | ||
| 920 | _a0-07-078595-3 | ||
| 942 | _cKS | ||
| 008 | s pl f |000 0 pol | ||
| 999 |
_c29137 _d29137 |
||
| 856 |
_uhttp://koha.tu.koszalin.pl/cgi-bin/koha/opac-detail.pl?biblionumber=29137 _yKatalog online BPK |
||